Mesto ako antropogénny ekosystém

Podrobná bibliografia
Hlavný autor: Zapletal, Vladimír, 1931- (Autor)
Médium: Článok
Jazyk:slovenčina
ISBN:8023302272
Predmet:

MARC

LEADER 00000nab a2200000 a 4500
001 vtls000483820
003 SK-MaSNL
005 20260305022455.0
008 120927c1991 xo 0 slo
015 |a SNBRA19rr/mm-uuuuu 
035 |a CL0483955 
040 |a SNKBUCL  |b slo  |c SNKBUCL  |e AACR2 
041 0 |a slo 
044 |a xo  |c SK 
080 |a 711.4:502.5  |2 1981 
080 |a 502.5  |2 1981 
080 |a 504.03  |2 1981 
100 1 |a Zapletal, Vladimír,  |d 1931-  |4 aut  |9 215507 
245 1 0 |a Mesto ako antropogénny ekosystém  |c Vladimír Zapletal 
650 0 7 |a mestá  |2 snkbucl  |9 2929 
655 7 |a články zo zborníkov  |2 snkbucl  |9 166140 
773 0 |t Spoločensko-politická transformácia a rozvoj miest v nových podmienkach  |d Bratislava : Dom techniky ZSVTS, 1991  |g S. 68-75  |z 8023302272 
850 |a Slovenská národná knižnica v Martine  |a MTA001 
852 |a SNK  |b KIS3GCP 
958 |a RK 
992 |a RZB 
999 |c 3290998  |d 3292928